| 000 | 00798cam a22002651 4500 | ||
|---|---|---|---|
| 001 | 13005 | ||
| 003 | BD-RjUL | ||
| 005 | 20211208235405.0 | ||
| 008 | 140130s1963 nyua b 001 0 eng | ||
| 035 | _a(BD-RjUL)13055 | ||
| 035 | _a(OCoLC)569632 | ||
| 040 |
_aDLC _cODaWU _dOCoLC _dMnU _dDLC _dBD-RjUL _beng |
||
| 041 | 1 | _aengrus | |
| 082 |
_a589.9 _bKRM |
||
| 100 | 1 |
_aKriss, Anatoliĭ Evseevich. _940537 |
|
| 245 | 0 | 0 |
_aMarine microbiology, _bdeep sea. _cTranslated by J. M. Shewan and Z. Kabata. |
| 250 | _a[1st English ed]. | ||
| 260 |
_aNew York : _bInterscience Publishers, _c c1963. |
||
| 300 |
_a536 p. : _billus. ; _c27 cm. |
||
| 504 | _aIncludes bibliography and index. | ||
| 650 | 0 |
_aMarine microbiology. _938726 |
|
| 942 |
_2ddc _cBK |
||
| 999 |
_c13005 _d13005 |
||